000 00497pab a2200193 454500
008 180718b2009 xxu||||| |||| 00| 0 eng d
100 _aBharathi, G. Vijaya
245 _aNew directions of higher education in the context of globalisation
260 _c2009
300 _ap.17-22.
362 _a7 Sep
650 _aGlobalization
650 _aHigher education
700 _aReddy, P. Harinatha
700 _aReddy, P. Mohan
773 _aUniversity News
908 _aN
909 _a83808
999 _c83808
_d83808